00897nac a22002417a 4500001001000000003000900010005001700019008003400036040005400070072000800124100002500132100001700157100002400174110007600198245009200274260011500366300001000481490009500491500001200586650001800598650002000616650001900636BR9001531BR-BrBNA20240105121054.0230509b bl.|||m| |||| 00| 0 por d aBR-BrBNAbporcBiblioteca Nacional de Agricultura aL011 aCosta Junior, E.M.A.1 aCorrea, A.S.1 aPacheco, J.A. de C.1 aCentro Nacional de Pesquisa de Gado de Corte, Campo Grande, MS (Brasil)1 aO potencial da pecuaria de corte nas regioes tropicais e subtropicais da America Latina3 aBrasilia, DF (Brasil): bEmpresa Brasileira de Pesquisa Agropecuaria. Depto. de Difusao e Tecnologia, c1987.  a17 p. aDocumentos - Centro Nacional de Pesquisa de Gado de Corte (Brazil)vno. 22xISSN 0100-9443 a11 ref. aGADO DE CORTE aPRODUCAO ANIMAL aAMERICA LATINA